Normal view
MARC view
- Burroughs, William S.,
Entry Personal Name
001 - CONTROL NUMBER
- control field: 153757
003 - CONTROL NUMBER IDENTIFIER
- control field: DLC
005 - DATE AND TIME OF LATEST TRANSACTION
- control field: 20260417104020.0
008 - FIXED-LENGTH DATA ELEMENTS
- fixed length control field: 790418n| azannaabn |a aaa
010 ## - LIBRARY OF CONGRESS CONTROL NUMBER
- LC control number: n 79026862
035 ## - SYSTEM CONTROL NUMBER
- System control number: (OCoLC)oca00260574
040 ## - CATALOGING SOURCE
- Original cataloging agency: DLC
- Language of cataloging: eng
- Transcribing agency: DLC
- Modifying agency: DLC
- Modifying agency: GU
- Modifying agency: DLC
- Modifying agency: TNJ
- Modifying agency: OCoLC
- Modifying agency: Uk
- Modifying agency: DLC
- Description conventions: rda
- Modifying agency: DNLM
046 ## - SPECIAL CODED DATES
- Birth date: 1914
- Death date: 1997-08-11
- Source of date scheme: edtf
053 #0 - LC CLASSIFICATION NUMBER
- Classification number element--single number or beginning number of span: PS3552.U75
100 1# - HEADING--PERSONAL NAME
- Personal name: Burroughs, William S.,
- Dates associated with a name: 1914-1997
378 ## - FULLER FORM OF PERSONAL NAME
- Fuller form of personal name: William Seward
400 1# - SEE FROM TRACING--PERSONAL NAME
- Personal name: Burroughs, William,
- Dates associated with a name: 1914-1997
400 1# - SEE FROM TRACING--PERSONAL NAME
- Personal name: Lee, Willy,
- Dates associated with a name: 1914-1997
400 1# - SEE FROM TRACING--PERSONAL NAME
- Personal name: Lee, William,
- Dates associated with a name: 1914-1997
400 1# - SEE FROM TRACING--PERSONAL NAME
- Personal name: Baroouz, Ouiliam,
- Dates associated with a name: 1914-1997
400 1# - SEE FROM TRACING--PERSONAL NAME
- Personal name: Berrouz, Uilʹi︠a︡m,
- Dates associated with a name: 1914-1997
670 ## - SOURCE DATA FOUND
- Source citation: His Ali's smile, 1971:
- Information found: t.p. (William Burroughs)
670 ## - SOURCE DATA FOUND
- Source citation: His Roosevelt after inauguration, 1964:
- Information found: t.p. ("Willy Lee" alias William S. Burroughs)
670 ## - SOURCE DATA FOUND
- Source citation: nuc87-124595: His Junky, 1983
- Information found: (hdg. on CU-BANC rept.: Burroughs, William S., 1914- ; usage: Ouiliam Baroouz)
670 ## - SOURCE DATA FOUND
- Source citation: BL AL recd. 14th May 1996
- Information found: (William Seward Burroughs)
670 ## - SOURCE DATA FOUND
- Source citation: Washington Post, Aug. 4, 1997
- Information found: (William S. Burroughs, longtime drug addict, experimental novelist, founding Beat, and cultural icon, d. Aug. 2, 1997, age 83, in Kansas)
670 ## - SOURCE DATA FOUND
- Source citation: OCLC, Nov. 11, 1999
- Information found: (usage: Uilʹi︠a︡m Berrouz)



